| 000 | 00587cam a22002053a 4500 | ||
|---|---|---|---|
| 001 | 40278 | ||
| 003 | PGUSA | ||
| 005 | 20140828083912.0 | ||
| 008 | 120719s2012||||xxu|||||s|||||000 | eng d | ||
| 040 |
_aPGUSA _beng |
||
| 042 | _adc | ||
| 100 | 1 |
_aKnight, E. F. _q(Edward Frederick), _d1852-1925 |
|
| 245 | 1 | 4 |
_aThe Threatening Eye _h[electronic resource] / _cE. F. Knight |
| 260 |
_bProject Gutenberg, _c2012 |
||
| 506 | _aPublic domain in the USA. | ||
| 516 | _aElectronic text | ||
| 830 | 0 |
_aProject Gutenberg _v40278 |
|
| 856 | 4 | 0 | _uhttp://www.gutenberg.org/ebooks/40278 |
| 942 | _cEB | ||
| 999 |
_c269531 _d269531 |
||